=LDR 00000nam 2200000 4500 =001 INLIS000000000030496 =005 20130612132633 =008 ***********************************Ind** =035 ##$$0010-061300000030496 =041 ##$$a Ind =082 ##$$a 819.2 =090 ##$$a 819.2, Sul s =245 ##$$a Suluk Seh Siti Jenar, Ali Bahasa, Sutarti =260 ##$$a 1981 $b Jakarta =300 ##$$a 139 hlm, 22 cm =650 ##$$a Sastra - Seh Siti Jenar =850 ##$$a NBPNMAT =990 ##$$a 35613561 =990 ##$$a 01201803561